[Event "AUTO-ADV-4754"]
[Site "http://www.queenalice.com/game.php?id=1838329"]
[Date "2024.6.10"]
[Round "2"]
[White "biano"]
[Black "ThiagoBrumN"]
[Result "1-0"]
[WhiteElo "1979"]
[BlackElo "1777"]

1. d4 d5 2. c4 c6 3. Nf3 Nf6 4. e3 Bf5 5. Be2 Nbd7 6. O-O h6 7. Nc3 e6 8. Bd2
Qc7 9. Rc1 Be7 10. cxd5 exd5 11. Qb3 O-O 12. Nxd5 Nxd5 13. Qxd5 Nb6 14. Qxf5 Nd5
15. Qxd5 Bd6 16. Qb3 Rad8 17. Rfd1 Rfe8 18. Bc4 Rf8 19. e4 Be7 20. Bb4 Rfe8 21.
Bxf7+ Kh8 22. Bxe8 Rxe8 23. e5 Qc8 24. Nd2 Qg4 25. Bxe7 Rxe7 26. Nc4 Re6 27. Ne3
Qg6 28. Qxb7 h5 29. h3 Qe4 30. Qc8+ Kh7 31. Qxe6 a5 32. Qf5+ Qxf5 33. Nxf5 g6
34. Ne7 Kh6 35. Rxc6 a4 36. Rxg6+ Kh7 37. d5 h4 38. d6 a3 39. bxa3 Kh8 40. a4
Kh7 41. d7 Kh8 42. d8=Q+ Kh7 43. Qg8# 1-0

[Event "AUTO-ADV-4754"]
[Site "http://www.queenalice.com/game.php?id=1838330"]
[Date "2024.6.10"]
[Round "2"]
[White "ThiagoBrumN"]
[Black "biano"]
[Result "0-1"]
[WhiteElo "1741"]
[BlackElo "2037"]

1. e4 c5 2. Nf3 Nc6 3. Nc3 e6 4. Bb5 a6 5. Ba4 b5 6. Bb3 c4 7. O-O cxb3 8. axb3
d6 9. d4 Be7 10. Be3 Nf6 11. Re1 O-O 12. Qd2 Bb7 13. Bg5 Nd7 14. Bf4 e5 15. dxe5
Ndxe5 16. Qe2 Nxf3+ 17. Qxf3 Nd4 18. Qd1 Ne6 19. Bg3 Rc8 20. Qg4 Nd4 21. Bf4 Re8
22. Bh6 g6 23. Rac1 Bf6 24. f4 Bg7 25. Bg5 Bf6 26. Rcd1 Bxg5 27. fxg5 Ne6 28.
Nd5 Nxg5 29. Rf1 Bxd5 30. exd5 Rxc2 31. h4 Ne4 32. Qf3 Qd7 33. Qd3 Rxb2 34. Qd4
Re2 35. Rf3 Nc5 36. b4 Na4 37. Rdf1 Re1 38. Kh2 Rxf1 39. Rxf1 Qe7 40. Kg1 Qe3+
41. Qxe3 Rxe3 42. Rf6 Rb3 43. Rxd6 Rxb4 44. Rxa6 Rd4 45. d6 Nc5 46. Rb6 Ne4 47.
d7 Rxd7 48. Rxb5 Kg7 49. Re5 Rd4 50. Re7 Nf6 51. g3 Nh5 52. Kg2 Rg4 53. Re3 f5
54. Kh3 Rxg3+ 55. Rxg3 Nxg3 56. Kxg3 Kf6 57. Kf4 h6 58. Kf3 Ke5 59. Ke3 g5 60.
h5 f4+ 61. Kf3 Kf5 62. Kg2 Ke4 63. Kf2 g4 64. Ke2 f3+ 65. Kf2 Kf4 66. Kf1 Ke3
67. Ke1 g3 68. Kf1 f2 69. Kg2 Ke2 70. Kh3 f1=Q+ 71. Kxg3 Qf5 72. Kg2 Qxh5 73.
Kg3 Qg6+ 74. Kf4 h5 75. Ke5 h4 76. Kd5 h3 77. Kc5 h2 78. Kc4 h1=Q 79. Kc5 Qg4
80. Kd6 Qhh5 81. Kc6 Qgg6+ 82. Kc7 Qhh7+ 83. Kd8 Qgg8# 0-1

[Event "AUTO-MASTER-3219"]
[Site "http://www.queenalice.com/game.php?id=1838408"]
[Date "2024.6.10"]
[Round "1"]
[White "Rafale2000"]
[Black "biano"]
[Result "1-0"]
[WhiteElo "2163"]
[BlackElo "1987"]

1. e4 c5 2. c3 Nc6 3. Bb5 a6 4. Bc4 e6 5. Nf3 d6 6. O-O Be7 7. d4 Nf6 8. d5 exd5
9. exd5 Na5 10. Bd3 Nxd5 11. a3 Nf6 12. b4 cxb4 13. axb4 Nc6 14. Re1 O-O 15.
Nbd2 Bg4 16. Qb3 Qd7 17. Bb2 Be6 18. Bc4 d5 19. Bf1 Rfc8 20. Ne5 Nxe5 21. Rxe5
Bd6 22. Rg5 Ne4 23. Nxe4 dxe4 24. c4 Bf8 25. Rd1 Qe7 26. Qg3 f5 27. c5 Rd8 28.
Rd6 Rxd6 29. cxd6 Qd7 30. h4 b5 31. h5 h6 32. Rg6 Ra7 33. Be5 Kf7 34. Bxg7 Ke8
35. Qe5 Bxg7 36. Rxe6+ Kf8 37. Qxf5+ Qf7 38. Qxe4 Qxh5 39. d7 Rxd7 40. Qa8+ Qe8
41. Qxe8# 1-0

[Event "AUTO-MASTER-3219"]
[Site "http://www.queenalice.com/game.php?id=1838409"]
[Date "2024.6.10"]
[Round "1"]
[White "biano"]
[Black "Rafale2000"]
[Result "0-1"]
[WhiteElo "2011"]
[BlackElo "1931"]

1. d4 d5 2. c4 c5 3. dxc5 Qa5+ 4. Nc3 dxc4 5. Qa4+ Qxa4 6. Nxa4 Bd7 7. Nc3 Na6
8. e4 Nxc5 9. Bxc4 Be6 10. Bb5+ Bd7 11. Bxd7+ Kxd7 12. Nf3 Nd3+ 13. Ke2 Nb4 14.
Rd1+ Ke8 15. Bg5 Nc2 16. Rac1 Nb4 17. a3 Nc6 18. Nd5 Rc8 0-1

[Event "AUTO-MASTER-3219"]
[Site "http://www.queenalice.com/game.php?id=1838420"]
[Date "2024.6.10"]
[Round "1"]
[White "josebaron"]
[Black "biano"]
[Result "1-0"]
[WhiteElo "2162"]
[BlackElo "2002"]

1. e4 c5 2. Nf3 Nc6 3. Bb5 a6 4. Bxc6 bxc6 5. O-O e6 6. d4 cxd4 7. Nxd4 Be7 8.
Nc3 c5 9. Nf3 d6 10. Re1 Bb7 11. a4 Nf6 12. Bg5 O-O 13. h3 Nd7 14. Bxe7 Qxe7 15.
a5 1-0

[Event "AUTO-MASTER-3219"]
[Site "http://www.queenalice.com/game.php?id=1838421"]
[Date "2024.6.10"]
[Round "1"]
[White "biano"]
[Black "josebaron"]
[Result "0-1"]
[WhiteElo "1993"]
[BlackElo "2209"]

1. d4 d5 2. c4 dxc4 3. Nf3 Nf6 4. e3 Bg4 5. Bxc4 e6 6. O-O Bd6 7. Nc3 O-O 8. h3
Bh5 9. Be2 c6 10. Bd2 h6 11. Rc1 a6 12. e4 Bxf3 13. Bxf3 e5 14. Be3 Nbd7 15. Qb3
exd4 16. Bxd4 Be5 17. Rfd1 Bxd4 18. Rxd4 Qa5 19. Rxd7 Nxd7 20. Qxb7 Ne5 21. Bh5
Rab8 0-1

[Event "AUTO-MASTER-3219"]
[Site "http://www.queenalice.com/game.php?id=1838426"]
[Date "2024.6.10"]
[Round "1"]
[White "suenteus_po_147"]
[Black "biano"]
[Result "1/2-1/2"]
[WhiteElo "2025"]
[BlackElo "1992"]

1. e4 c5 2. Nf3 Nc6 3. d4 cxd4 4. Nxd4 e5 5. Nb5 d6 6. c4 a6 7. N5c3 Be7 8. Nd5
Nf6 9. Be3 Nxd5 10. exd5 Nb8 11. Nc3 Nd7 12. Bd3 O-O 13. O-O Bg5 14. Re1 Bxe3
15. Rxe3 Nf6 16. Ne4 Nxe4 17. Bxe4 f5 18. Bc2 f4 19. Rc3 Bd7 20. Qh5 g6 21. Bxg6
1/2-1/2

[Event "AUTO-MASTER-3219"]
[Site "http://www.queenalice.com/game.php?id=1838427"]
[Date "2024.6.10"]
[Round "1"]
[White "biano"]
[Black "suenteus_po_147"]
[Result "1-0"]
[WhiteElo "1992"]
[BlackElo "2069"]

1. d4 Nf6 2. c4 e5 3. e3 exd4 4. exd4 d5 5. c5 b6 6. Qc2 bxc5 7. dxc5 c6 8. Nf3
Qa5+ 9. Nc3 Qxc5 10. Bd3 Bg4 11. Be3 Qd6 12. Nd4 Qd7 13. O-O c5 14. Bb5 1-0

[Event "AUTO-ADV-4769"]
[Site "http://www.queenalice.com/game.php?id=1839255"]
[Date "2024.6.26"]
[Round "2"]
[White "biano"]
[Black "BeatifulDevil56"]
[Result "0-1"]
[WhiteElo "2027"]
[BlackElo "2198"]

1. d4 d5 2. c4 dxc4 3. Nf3 h6 4. e4 c6 5. Bxc4 e6 6. O-O Nf6 7. Nc3 Bb4 8. a3
Bxc3 9. bxc3 O-O 10. Re1 b5 11. Bb3 Bb7 12. c4 bxc4 13. Bxc4 Re8 14. Qb3 Ba6 15.
Bb2 Qb6 16. Qxb6 axb6 17. Bf1 Bxf1 18. Kxf1 Rc8 19. d5 cxd5 20. Bxf6 gxf6 21.
exd5 exd5 22. Nd4 Nc6 23. Nf5 Kh7 24. Nd6 Rg8 25. Nxf7 Kg6 26. Nd6 Rgd8 27. Nb5
Ra5 28. a4 d4 29. Nc7 d3 30. Red1 Rd7 31. Nb5 Kf5 32. Ra3 Ne5 33. Ke1 h5 34. Ra2
Rd5 35. Nc3 Rd4 36. h3 Rc5 37. Nb5 Rb4 38. Rdd2 Rb1+ 39. Rd1 Rcc1 40. Rxc1 Rxc1+
41. Kd2 Rg1 42. g3 Ke4 43. Nc3+ Kf3 44. Nd5 Kxf2 45. Nxb6 Rxg3 46. a5 Re3 0-1

[Event "AUTO-ADV-4769"]
[Site "http://www.queenalice.com/game.php?id=1839256"]
[Date "2024.6.26"]
[Round "2"]
[White "BeatifulDevil56"]
[Black "biano"]
[Result "1-0"]
[WhiteElo "2214"]
[BlackElo "2012"]

1. e4 c5 2. Nc3 Nc6 3. Nf3 e6 4. Bc4 d6 5. d4 cxd4 6. Nxd4 Be7 7. Nxc6 bxc6 8.
Be3 d5 9. exd5 cxd5 10. Bb5+ Bd7 11. Bxd7+ Qxd7 12. Bd4 Bf6 13. Bxf6 Nxf6 14.
O-O O-O 15. Qd3 Rab8 16. Rfb1 Rfc8 17. Ne2 Qa4 18. b3 Qe4 19. Rc1 Rb6 20. Qxe4
Nxe4 21. Rab1 Nc3 22. Nxc3 Rxc3 23. Kf1 Rbc6 24. Rb2 Kf8 25. Ke2 Ke7 26. Kd2 Kd6
27. b4 Kc7 28. b5 R6c4 29. Rb3 d4 30. a4 Rxa4 31. Rxc3+ dxc3+ 32. Kxc3 Rf4 33.
f3 Rh4 34. h3 Rh5 35. Kb4 Kb6 36. c4 a5+ 37. Kb3 Re5 38. Rd1 Re2 39. Rd6+ Kc7
40. c5 Rxg2 41. b6+ Kc8 42. c6 Rg3 43. b7+ Kc7 44. Rd8 Rxf3+ 45. Ka4 Kxd8 46.
b8=Q+ 1-0

[Event "Challenge"]
[Site "http://www.queenalice.com/game.php?id=1842710"]
[Date "2024.8.29"]
[Round "-"]
[White "jogo"]
[Black "biano"]
[Result "0-1"]
[WhiteElo "1912"]
[BlackElo "2009"]

1. e4 c5 2. Nf3 Nc6 3. c3 d6 4. d4 cxd4 5. Nxd4 e5 6. Nc2 Nf6 7. f3 Nxe4 8. fxe4
Qh4+ 9. Kd2 Qxe4 10. Qe2 Qg6 11. h3 Be7 12. Kd1 Bf5 13. Nba3 d5 14. g4 Be4 15.
Bg2 Bd3 16. Qf2 e4 17. Qf5 Bh4 18. Qxd5 Rd8 19. Qf5 Qxf5 20. gxf5 Bf1+ 21. Nd4
Bxg2 22. Rg1 Bf3+ 23. Kc2 Bf6 24. Nxf3 exf3 25. Re1+ Kd7 26. Bf4 Rhe8 27. Rad1+
Kc8 28. Rxd8+ Rxd8 29. Rf1 Ne5 30. Bxe5 Bxe5 31. Rxf3 Bf6 32. Rd3 Rxd3 33. Kxd3
Bg5 34. Nc4 Be7 35. Ke4 f6 36. Ne3 Kd7 37. Nd5 Bd6 38. Nf4 Bxf4 39. Kxf4 Kd6 40.
Ke4 Kc5 41. b3 g6 42. fxg6 hxg6 43. h4 Kd6 44. c4 Kc5 0-1

[Event "Challenge"]
[Site "http://www.queenalice.com/game.php?id=1842711"]
[Date "2024.8.29"]
[Round "-"]
[White "biano"]
[Black "jogo"]
[Result "1-0"]
[WhiteElo "2021"]
[BlackElo "2009"]

1. d4 Nf6 2. c4 g6 3. Nc3 d5 4. e3 e6 5. Nf3 Bb4 6. a3 Bxc3+ 7. bxc3 O-O 8. Be2
Re8 9. O-O Ne4 10. Qc2 f5 11. cxd5 exd5 12. c4 Be6 13. Bd2 dxc4 14. Bxc4 Bxc4
15. Qxc4+ Kg7 16. Bb4 a5 17. Bd2 Nxd2 18. Nxd2 c6 19. Nb3 Qd5 20. Rfc1 Qxc4 21.
Rxc4 b5 22. Rc5 Re6 23. Rac1 a4 24. Na1 Ra6 25. Nc2 Nd7 26. Rc3 Nf6 27. Nb4 Rb6
28. Nxc6 Nd5 29. R3c2 Ne7 30. Nb4 Kf6 31. Kf1 Kf7 32. Rc7 Kf6 33. Ke2 Kf7 34.
Kd3 Kf6 35. R1c5 Red6 36. Re5 Re6 37. Rxe7 1-0

[Event "Challenge"]
[Site "http://www.queenalice.com/game.php?id=1843589"]
[Date "2024.9.13"]
[Round "-"]
[White "jogo"]
[Black "biano"]
[Result "0-1"]
[WhiteElo "1705"]
[BlackElo "1978"]

1. e4 c5 2. Nf3 Nc6 3. d4 cxd4 4. Nxd4 e5 5. Nb3 Be7 6. Bc4 Nf6 7. f3 O-O 8. Be3
a6 9. a3 b5 10. Be2 d6 11. g4 Be6 12. Qd2 d5 13. g5 Ne8 14. exd5 Qxd5 15. Qxd5
Bxd5 16. O-O Bxb3 17. cxb3 Nd6 18. Nd2 Nf5 19. f4 Nxe3 20. Rf3 exf4 21. Rxf4
Bxg5 22. Rf3 Nd4 23. Rf2 Nxe2+ 24. Rxe2 Rfe8 25. Nf3 Bh6 26. Ree1 Nc2 27. Rxe8+
Rxe8 28. Rf1 Nd4 29. Kg2 Nxf3 30. Rxf3 Re2+ 31. Rf2 Rxf2+ 32. Kxf2 Bc1 33. a4
bxa4 34. bxa4 Bxb2 35. Ke2 g5 36. Kd2 f5 37. Kc2 Be5 0-1

[Event "Challenge"]
[Site "http://www.queenalice.com/game.php?id=1843590"]
[Date "2024.9.13"]
[Round "-"]
[White "biano"]
[Black "jogo"]
[Result "1-0"]
[WhiteElo "1983"]
[BlackElo "1841"]

1. d4 Nf6 2. c4 g6 3. Nc3 d5 4. e3 Bg7 5. Nf3 O-O 6. Be2 c6 7. O-O Bg4 8. Bd2
Re8 9. Rc1 dxc4 10. Bxc4 b5 11. Bxf7+ Kxf7 12. Ne5+ Kg8 13. Nxg4 Nxg4 14. Qxg4
Qd7 15. Qxd7 Nxd7 16. Ne4 Rec8 17. Nc5 Nxc5 18. Rxc5 a6 19. Rfc1 e6 20. Rxc6
Rxc6 21. Rxc6 Kf7 22. Ba5 Ra7 23. Rc7+ Rxc7 24. Bxc7 Bf8 25. Kf1 Bg7 26. Ke2 Ke7
27. Ba5 Kd6 28. b3 e5 29. dxe5+ Bxe5 30. h3 Kd5 31. Kd3 Bd6 32. f4 Bc5 33. g4
Bd6 34. e4+ Ke6 35. e5 Bc5 36. Ke4 Bf8 37. f5+ 1-0

[Event "Challenge"]
[Site "http://www.queenalice.com/game.php?id=1848003"]
[Date "2024.11.28"]
[Round "-"]
[White "jogo"]
[Black "biano"]
[Result "0-1"]
[WhiteElo "1911"]
[BlackElo "1996"]

1. e4 c5 2. Nf3 Nc6 3. c3 e6 4. d4 cxd4 5. cxd4 d6 6. Nc3 Be7 7. a3 Nf6 8. h3
O-O 9. g4 d5 10. e5 Ne4 11. Nxe4 dxe4 12. Nd2 Qxd4 13. f4 Bh4+ 0-1

[Event "Challenge"]
[Site "http://www.queenalice.com/game.php?id=1848004"]
[Date "2024.11.28"]
[Round "-"]
[White "biano"]
[Black "jogo"]
[Result "1-0"]
[WhiteElo "2002"]
[BlackElo "1852"]

1. d4 Nf6 2. c4 g6 3. Nc3 d5 4. e3 Bg7 5. Nf3 Bg4 6. Be2 O-O 7. O-O a6 8. a4
Nbd7 9. cxd5 Nb6 10. h3 Bxf3 11. Bxf3 Nfxd5 12. a5 Nxc3 13. bxc3 Nd5 14. c4 Nf6
15. Bxb7 Ra7 16. Qb3 Qb8 17. Rb1 Ne8 18. Ba3 Nd6 19. Bxd6 exd6 20. Bc6 Qxb3 21.
Rxb3 f5 22. Rfb1 h6 23. Rb7 1-0

[Event "AUTO-MASTER-3242"]
[Site "http://www.queenalice.com/game.php?id=1848688"]
[Date "2024.12.11"]
[Round "1"]
[White "Sigmund"]
[Black "biano"]
[Result "0-1"]
[WhiteElo "1821"]
[BlackElo "2019"]

1. e4 c5 2. Bc4 e6 3. Nf3 d6 4. a3 Be7 5. d3 Nf6 6. O-O O-O 7. Nc3 Nc6 8. Be3 a6
9. b4 d5 10. exd5 exd5 11. Bb3 d4 12. Bd2 dxc3 13. Bxc3 cxb4 14. axb4 Bxb4 15.
Bxb4 Nxb4 16. Re1 Bg4 17. h3 Bxf3 18. Qxf3 Qd7 19. Ra5 Rae8 20. Rxe8 Rxe8 21.
Kh2 Qc7+ 22. g3 Qxa5 23. Qxb7 Qb5 0-1

[Event "AUTO-MASTER-3242"]
[Site "http://www.queenalice.com/game.php?id=1848696"]
[Date "2024.12.11"]
[Round "1"]
[White "Jsc"]
[Black "biano"]
[Result "1-0"]
[WhiteElo "1967"]
[BlackElo "2027"]

1. e4 c5 2. c3 e6 3. d4 cxd4 4. cxd4 d6 5. d5 e5 6. Bd3 Be7 7. Ne2 Nf6 8. Nbc3
O-O 9. O-O a6 10. a4 Bg4 11. f3 Bc8 12. Be3 Nbd7 13. b4 b6 14. Rc1 Bb7 15. f4
Ng4 16. Qd2 1-0

[Event "AUTO-MASTER-3242"]
[Site "http://www.queenalice.com/game.php?id=1848697"]
[Date "2024.12.11"]
[Round "1"]
[White "biano"]
[Black "Jsc"]
[Result "0-1"]
[WhiteElo "2041"]
[BlackElo "2091"]

1. d4 d5 2. c4 dxc4 3. e3 e5 4. Bxc4 exd4 5. Qxd4 Qxd4 6. exd4 Bd6 7. Nf3 Ne7 8.
O-O Bg4 9. Ne5 Bh5 10. Nc3 O-O 11. a3 a5 12. Be3 Nbc6 0-1

[Event "AUTO-MASTER-3243"]
[Site "http://www.queenalice.com/game.php?id=1848940"]
[Date "2024.12.18"]
[Round "1"]
[White "Guilherme_Ottoni"]
[Black "biano"]
[Result "1-0"]
[WhiteElo "2231"]
[BlackElo "2027"]

1. e4 c5 2. Nf3 Nc6 3. Bb5 a6 4. Bxc6 bxc6 5. O-O e6 6. d3 d5 7. Qe2 Be7 8. b3
Nf6 9. Bb2 O-O 10. Nbd2 Bb7 11. Rfd1 Qc7 12. h3 a5 13. a4 Ba6 14. Be5 Qd8 15.
Nh2 Nd7 16. Bg3 Bf6 17. Rab1 1-0

[Event "AUTO-MASTER-3243"]
[Site "http://www.queenalice.com/game.php?id=1848962"]
[Date "2024.12.18"]
[Round "1"]
[White "suenteus_po_147"]
[Black "biano"]
[Result "0-1"]
[WhiteElo "1910"]
[BlackElo "2004"]

1. c4 c6 2. Nc3 d5 3. d4 Nf6 4. e3 Nbd7 5. Nf3 e6 6. Qc2 Be7 7. Bd3 O-O 8. O-O
Nb6 9. c5 Nbd7 10. b4 a5 11. b5 cxb5 12. Bxb5 Nb8 13. Ne5 Nfd7 0-1

[Event "AUTO-MASTER-3243"]
[Site "http://www.queenalice.com/game.php?id=1848963"]
[Date "2024.12.18"]
[Round "1"]
[White "biano"]
[Black "suenteus_po_147"]
[Result "1-0"]
[WhiteElo "2016"]
[BlackElo "1898"]

1. d4 Nf6 2. c4 c5 3. Nf3 cxd4 4. Nxd4 e5 5. Nb5 d5 6. cxd5 Bc5 7. e3 O-O 8. a3
a6 9. N5c3 e4 10. b4 Ba7 11. Bc4 Bg4 12. Qb3 Re8 13. O-O 1-0